La 7eme compagnie - Statistiques

Statistiques générales
  • Ce quiz a été pris 129 fois
  • Le résultat moyen est 7 sur 12
Statistiques - réponses
Par images Hint Réponse % Correct
nom pithiviers
89%
nom tassin
87%
nom chaudard
81%
il faut ____ _____ rester groupir
76%
grade lieutenant
75%
nom de l'acteur jugnot
67%
grade capitaine
60%
nom film 2 : On a... retrouvé la 7eme compagnie
60%
nom film 3 : La 7eme... compagnie au clair de lune
45%
nom film 1 : Mais où... est passée la 7eme compagnie
40%
place box office francais 3
29%
prénom femme du chef suzanne
29%
Aucun quiz correspondant
Distribution des résultats
% des personnes avec chaque résultat
Percentile par nombre de réponses
Votre historique - résultats
Vous n’avez pas pris ce quiz